| 000 | 00830nac a22002411u 4500 | ||
|---|---|---|---|
| 010 | _a 95036376 | ||
| 020 | _a025614026X | ||
| 020 | _a0256206864 (International students ed.) | ||
| 082 | 0 | 0 |
_a337 _bL7449 |
| 090 |
_c4598 _d4598 |
||
| 100 | _aLindert, Peter H. | ||
| 245 | 1 | 0 |
_aInternational economics / _cPeter H. Lindert, Thomas A. Pugel. |
| 250 | _a10th ed. | ||
| 260 |
_aChicago, Ill. : _bIrwin,1996 _cc1996. |
||
| 300 |
_axxiv, 679 p. : _bill. ; _c24 cm. |
||
| 504 | _aIncludes bibliographical references and index. | ||
| 650 | 0 | _aInternational economic relations. | |
| 650 | 0 | _aCommercial policy. | |
| 650 | 0 | _aForeign exchange. | |
| 700 | 1 | _aPugel, Thomas A. | |
| 942 |
_cBB _k337L7449 |
||
| 999 |
_c4598 _d4598 |
||